000 00392nam a2200145Ia 4500
008 100122s9999 xx 000 0 und d
082 _b25839
_a823
100 _aकदम बाबा
245 _aभालू
260 _bचंद्रकांत शेटये प्रकाशन
_c1974
300 _a226
630 _aभालू
730 _aभालू
942 _cBOOK
999 _c412436
_d412433